header

Advanced materials research IV : (Record no. 99968)

MARC details
000 -LEADER
fixed length control field 02107nam a2200421 i 4500
001 - CONTROL NUMBER
control field ebr10846268
003 - CONTROL NUMBER IDENTIFIER
control field CaPaEBR
006 - FIXED-LENGTH DATA ELEMENTS--ADDITIONAL MATERIAL CHARACTERISTICS--GENERAL INFORMATION
fixed length control field m o d
007 - PHYSICAL DESCRIPTION FIXED FIELD--GENERAL INFORMATION
fixed length control field cr cn|||||||||
008 - FIXED-LENGTH DATA ELEMENTS--GENERAL INFORMATION
fixed length control field 140321t20142014sz a ob 001 0 eng d
020 ## - INTERNATIONAL STANDARD BOOK NUMBER
Cancelled/invalid ISBN 9783038350323
International Standard Book Number 9783038264132 (e-book)
040 ## - CATALOGING SOURCE
Original cataloging agency CaPaEBR
Language of cataloging eng
Description conventions rda
-- pn
Transcribing agency CaPaEBR
035 ## - SYSTEM CONTROL NUMBER
System control number (OCoLC)878139614
050 14 - LIBRARY OF CONGRESS CALL NUMBER
Classification number TS183
Item number A383 2014eb
082 04 - DEWEY DECIMAL CLASSIFICATION NUMBER
Classification number 670.42
Edition number 23
245 00 - TITLE STATEMENT
Title Advanced materials research IV :
Remainder of title selected, peer reviewed papers from the 2014 4th International Conference on Advanced Materials Research (ICAMR 2014), January 22-23, 2014, Macau, China /
Statement of responsibility, etc edited by Zhihua Guo and Jie Xu.
264 #1 - PRODUCTION, PUBLICATION, DISTRIBUTION, MANUFACTURE, AND COPYRIGHT NOTICE
Place of production, publication, distribution, manufacture Zurich, Switzerland :
Name of producer, publisher, distributor, manufacturer TTP,
Date of production, publication, distribution, manufacture, or copyright notice 2014.
Date of production, publication, distribution, manufacture, or copyright notice �2014
300 ## - PHYSICAL DESCRIPTION
Extent 1 online resource (451 pages) :
Other physical details illustrations.
336 ## - CONTENT TYPE
Content type term text
Source rdacontent
337 ## - MEDIA TYPE
Media type term computer
Source rdamedia
338 ## - CARRIER TYPE
Carrier type term online resource
Source rdacarrier
490 1# - SERIES STATEMENT
Series statement Advanced Materials Research,
International Standard Serial Number 1662-8985 ;
Volume number/sequential designation Volume 894
500 ## - GENERAL NOTE
General note Includes indexes.
504 ## - BIBLIOGRAPHY, ETC. NOTE
Bibliography, etc Includes bibliographical references and indexes.
588 ## - SOURCE OF DESCRIPTION NOTE
Source of description note Description based on online resource; title from PDF title page (ebrary, viewed March 21, 2014).
590 ## - LOCAL NOTE (RLIN)
Local note Electronic reproduction. Palo Alto, Calif. : ebrary, 2014. Available via World Wide Web. Access may be limited to ebrary affiliated libraries.
650 #0 - SUBJECT ADDED ENTRY--TOPICAL TERM
Topical term or geographic name as entry element Manufacturing processes
Form subdivision Congresses.
Topical term or geographic name as entry element Materials
Form subdivision Congresses.
655 #0 - INDEX TERM--GENRE/FORM
Genre/form data or focus term Electronic books.
700 1# - ADDED ENTRY--PERSONAL NAME
Personal name Guo, Zhihua,
Relator term editor.
Personal name Xu, Jie,
Relator term editor.
776 08 - ADDITIONAL PHYSICAL FORM ENTRY
Display text Print version:
Title Advanced materials research IV : selected, peer reviewed papers from the 2014 4th International Conference on Advanced Materials Research (ICAMR 2014), January 22-23, 2014, Macau, China.
Place, publisher, and date of publication Zurich, Switzerland : TTP, c2014
Physical description 445 pages
Series data for related item Advanced materials research ; Volume 894.
International Standard Serial Number 1662-8985
International Standard Book Number 9783038350323
797 2# - LOCAL ADDED ENTRY--CORPORATE NAME (RLIN)
Corporate name or jurisdiction name as entry element ebrary.
830 #0 - SERIES ADDED ENTRY--UNIFORM TITLE
Uniform title Advanced materials research ;
Volume number/sequential designation Volume 894.
856 40 - ELECTRONIC LOCATION AND ACCESS
Uniform Resource Identifier <a href="http://site.ebrary.com/lib/rucke/Doc?id=10846268">http://site.ebrary.com/lib/rucke/Doc?id=10846268</a>
Public note An electronic book accessible through the World Wide Web; click to view

No items available.

© 2026 Rongo University
Contact us: librarian | system librarian | Rongo university